000 00730nam a2200217 a 4500
999 _c2683
_d2683
001 2683
003 BD-JhCC
005 20171106083201.0
008 171106s ru |||| ||a| 00| 0 ben d
035 _a(BD-JhCC) 2683
040 _aBD-JhCC
_dBD-JhCC
041 _aben
082 _a891.773
_bVOU
100 _aভৌমিক, ননী
245 _aদিনের আলোয় সোভিয়েত ইউনিয়নের বিভিন্ন জাতীয় সাহিত্যের গল্প /
_c ননী ভৌমিক
260 _aমস্কো :
_bপ্রগতি প্রকাশন ,
300 _a294 p.:
_c18 cm .
650 _aShort Stories
942 _2ddc
_cBK